Paroles - Let Me Down (Jorja Smith) - Statistiques

Statistiques générales
  • Ce quiz a été pris 12 fois
  • Le résultat moyen est 208 sur 362
Statistiques - réponses
Réponse % Correct
I
100%
I ?
100%
do
88%
down
88%
down?)
88%
down,
88%
down)
88%
let
88%
me
88%
me,
88%
yo,
88%
you
88%
you,
88%
you)
88%
a
75%
to
75%
when
75%
When
75%
be
63%
can
63%
Don't
63%
don't
63%
go
63%
if
63%
(If
63%
I'm
63%
(I'm
63%
in
63%
it,
63%
it
63%
love
63%
mind
63%
my
63%
need
63%
on
63%
thin
63%
think
63%
where
63%
all
50%
But
50%
but
50%
(But
50%
got
50%
hear
50%
I've
50%
(I've
50%
not
50%
now)
50%
of
50%
Only
50%
only
50%
(Only
50%
see
50%
that
50%
the
50%
understand
50%
understand)
50%
was
50%
why
50%
(Why
50%
Would
50%
you'll
50%
your
50%
you're
50%
about
38%
and
38%
And
38%
back
38%
been
38%
can't
38%
come
38%
control ?
38%
distant
38%
enough ?
38%
even
38%
girl
38%
girl,
38%
give
38%
good
38%
important
38%
is
38%
it's
38%
just
38%
kind
38%
know,
38%
know
38%
less
38%
like,
38%
like
38%
mean
38%
mom
38%
morning
38%
notice
38%
over
38%
Probably
38%
Said
38%
say
38%
So
38%
so
38%
Some
38%
Sometimes
38%
(Sometimes,
38%
stronger
38%
strongest
38%
than
38%
time ?
38%
Time
38%
time
38%
up,
38%
voice
38%
what
38%
Wonder
38%
wouldn't
38%
Yeah,
38%
(Yeah,
38%
You've
38%
you've
38%
cause
25%
chose
25%
feel
25%
feelings
25%
fix
25%
fucked
25%
get
25%
golden
25%
gonna
25%
have
25%
hold
25%
"I'll
25%
king
25%
likely
25%
longer
25%
loving
25%
mad
25%
man,
25%
minus
25%
never
25%
pain
25%
plan?)
25%
pondering
25%
queen
25%
rare
25%
reflect"
25%
run,
25%
run
25%
sec,
25%
spins
25%
swear
25%
tears
25%
them
25%
these
25%
til
25%
tone,
25%
tried
25%
world
25%
around,)
13%
destruct ?)
13%
self
13%
squandering
13%
waisting
13%
will
13%
you'd
13%
Aucun quiz correspondant
Distribution des résultats
% des personnes avec chaque résultat
Percentile par nombre de réponses
Votre historique - résultats
Vous n’avez pas pris ce quiz